Cleveland Cavaliers All-Decade Teams - Statistics

General Stats
  • This quiz has been taken 81 times
    51 since last reset
  • The average score is 18 of 30
Answer Stats
Decade Position Years WS Answer % Correct
2010s PF/C 2015-2019 31.3 Kevin Love
100%
2010s PG 2012-2017 40.4 Kyrie Irving
100%
2010s SF 2010, 2015-2018 69.3 Lebron James
100%
2000s SF/SG 2004-2009 84.8 Lebron James
100%
2020s PG/SG 2020-2026 25.9 Darius Garland
98%
1970s SF/SG 1971-1979 30.2 Bingo Smith
95%
2020s SG 2023-2026 31.2 Donovan Mitchell
95%
2010s SG 2015-2019 11.3 J.R. Smith
95%
2010s PF/C 2012-2019 40.0 Tristan Thompson
95%
1990s PG 1990-1995 45.2 Mark Price
88%
1980s PG 1987-1989 20.2 Mark Price
88%
2020s C 2021-2026 51.7 Jarett Allen
83%
2020s PF 2022-2026 34.8 Evan Mobley
80%
2000s C 2001-2009 51.1 Zydrunas Ilgauskas
80%
1990s C 1990-1994 43.0 Brad Daugherty
73%
1980s C 1987-1989 22.1 Brad Daugherty
73%
1980s PF 1987-1989 20.9 Hot Rod Williams
73%
1990s PF 1990-1994 42.0 Larry Nance
56%
1970s SG 1972-1979 31.3 Austin Carr
49%
2020s SF/SG 2021-2025 16.0 Isaac Okoro
46%
1990s SG 1990-1993 19.9 Craig Ehlo
44%
1980s SG 1983-1986 21.9 World B. Free
44%
2000s PF 2005-2008 23.5 Drew Gooden
27%
2000s PG 2000-2002 23.7 Andre Miller
24%
2000s SG 2000-2002 11.8 Wesley Person
12%
1970s C 1975-1979 27.8 Jim Chones
7%
1990s SF 1994-1997 26.0 Chris Mills
0%
1970s PF 1974-1979 23.0 Jim Brewer
0%
1970s PG 1973-1977 20.5 Jim Cleamons
0%
1980s SF 1982-1989 21.1 Phil Hubbard
0%
No matching quizzes found
Score Distribution
Percent of People with Each Score
Percentile by Number Answered
Your Score History
You have not taken this quiz since the last reset